[Event "Titled Tuesday intern op 15th June"]
[Site "Chess.com INT"]
[Date "2021.06.15"]
[Round "1"]
[White "Yordanov, Nikolay Plamenov"]
[Black "Khusnutdinov, Rustam"]
[Result "0-1"]
[WhiteElo "2242"]
[BlackElo "2484"]
[PlyCount "64"]
[EventDate "2021.06.15"]
[EventType "swiss (blitz)"]
[EventRounds "11"]
[EventCountry "USA"]
[SourceTitle "CBM 203 Extra"]
[Source "ChessBase"]
[SourceDate "2021.09.30"]
[SourceVersion "1"]
[SourceVersionDate "2021.09.30"]
[SourceQuality "1"]

1. d4 Nf6 2. Bf4 d5 3. e3 c5 4. Nf3 Nc6 5. c3 Qb6 6. b3 cxd4 7. exd4 Bf5 8. Bd3 Bg6 9. 0-0 e6 10. h3 Be7 11. Bxg6 hxg6 12. Nbd2 0-0 13. Qe2 Rfd8 14. Ne5 Nxe5 15. Bxe5 Rac8 16. Rfc1 Ba3 17. Rc2 Nd7 18. Bg3 Rc6 19. Nf3 Rdc8 20. c4 Qa6 21. Rb1 b6 22. Nd2 Bb4 23. Rbc1 Bxd2 24. Qxd2 dxc4 25. bxc4 Rxc4 26. Qd3 b5 27. Rxc4 bxc4 28. Qd2 Nf6 29. Be5 Nd5 30. Rc2 c3 31. Qc1 Qd3 32. h4 Nb4 0-1

[Event "Titled Tuesday intern op 09th Mar"]
[Site "Chess.com INT"]
[Date "2021.03.09"]
[Round "3"]
[White "Yordanov, Nikolay Plamenov"]
[Black "Grigorjev, Iljya"]
[Result "0-1"]
[WhiteElo "2242"]
[BlackElo "2380"]
[PlyCount "78"]
[EventDate "2021.03.09"]
[EventType "swiss (blitz)"]
[EventRounds "11"]
[EventCountry "USA"]
[SourceTitle "CBM 201 Extra"]
[Source "ChessBase"]
[SourceDate "2021.05.31"]
[SourceVersion "1"]
[SourceVersionDate "2021.05.31"]
[SourceQuality "1"]

1. d4 Nf6 2. Bf4 g6 3. e3 Bg7 4. Nf3 0-0 5. Bd3 b6 6. Nbd2 Bb7 7. 0-0 d6 8. h3 Nbd7 9. Qe2 a5 10. c3 Re8 11. e4 e5 12. dxe5 dxe5 13. Bg5 Nc5 14. Bc2 Ne6 15. Rfd1 Nxg5 16. Nxg5 Qe7 17. Bb3 Rf8 18. Ndf3 h6 19. Nxf7 Rxf7 20. Bxf7+ Kxf7 21. Qc4+ Kf8 22. Re1 Rd8 23. b4 axb4 24. cxb4 Ne8 25. a4 Nd6 26. Qc2 Qf7 27. a5 bxa5 28. bxa5 Qc4 29. Qxc4 Nxc4 30. a6 Ba8 31. Rec1 Nd6 32. Rxc7 Nxe4 33. Nh4 g5 34. Nf5 Bf6 35. Nxh6 Nd6 36. a7 e4 37. Ng4 Bxa1 38. Ne3 Bd4 39. Nd5 Bxd5 0-1

[Event "Titled Tuesday intern op 02nd Mar"]
[Site "Chess.com INT"]
[Date "2021.03.02"]
[Round "4"]
[White "Cagara, Paulina"]
[Black "Yordanov, Nikolay Plamenov"]
[Result "1-0"]
[WhiteElo "2027"]
[BlackElo "2242"]
[PlyCount "87"]
[EventDate "2021.03.02"]
[EventType "swiss (blitz)"]
[EventRounds "11"]
[EventCountry "USA"]
[SourceTitle "CBM 201 Extra"]
[Source "ChessBase"]
[SourceDate "2021.05.31"]
[SourceVersion "1"]
[SourceVersionDate "2021.05.31"]
[SourceQuality "1"]

1. e4 c5 2. Nc3 Nc6 3. Bb5 e6 4. Bxc6 bxc6 5. d3 Ne7 6. f4 Ng6 7. Nf3 d6 8. 0-0 Be7 9. Qe1 0-0 10. b3 f5 11. Bb2 d5 12. exf5 exf5 13. g3 Bf6 14. Na4 Bxb2 15. Nxb2 Re8 16. Qc3 Qd6 17. Rae1 Be6 18. Na4 c4 19. dxc4 dxc4 20. Rd1 Qa3 21. Nd4 Bd5 22. Nxf5 Qf8 23. Ne3 cxb3 24. Nxd5 cxd5 25. axb3 Rad8 26. Rd4 Ne7 27. Rfd1 Qf7 28. Qd3 Nf5 29. Rxd5 Rxd5 30. Qxd5 Re1+ 31. Kf2 Rxd1 32. Qxd1 h5 33. Qd3 Kh7 34. Nc5 g6 35. Ne4 Qb7 36. h3 Qb6+ 37. Kg2 Qb7 38. Kh2 Kh6 39. g4 hxg4 40. hxg4 Nh4 41. g5+ Kh5 42. Qe2+ Nf3+ 43. Qxf3+ Kh4 44. Qh3# 1-0

[Event "Titled Tuesday intern op 02nd Mar"]
[Site "Chess.com INT"]
[Date "2021.03.02"]
[Round "2"]
[White "Perez Gormaz, Matias Ariel"]
[Black "Yordanov, Nikolay Plamenov"]
[Result "1-0"]
[WhiteElo "2413"]
[BlackElo "2242"]
[PlyCount "75"]
[EventDate "2021.03.02"]
[EventType "swiss (blitz)"]
[EventRounds "11"]
[EventCountry "USA"]
[SourceTitle "CBM 201 Extra"]
[Source "ChessBase"]
[SourceDate "2021.05.31"]
[SourceVersion "1"]
[SourceVersionDate "2021.05.31"]
[SourceQuality "1"]

1. e4 c5 2. Nf3 Nc6 3. d4 cxd4 4. Nxd4 Nf6 5. Nc3 e5 6. Ndb5 d6 7. Bg5 a6 8. Na3 b5 9. Bxf6 gxf6 10. Nd5 f5 11. g3 Bg7 12. exf5 Bxf5 13. Bg2 0-0 14. c3 Rc8 15. Nc2 Be6 16. 0-0 Ne7 17. Nce3 f5 18. a4 f4 19. Nxe7+ Qxe7 20. Nd5 Qf7 21. Be4 Rc5 22. Nb4 bxa4 23. Qxd6 Rfc8 24. Rad1 Bf8 25. Qxa6 f3 26. Rfe1 Bc4 27. Qb7 R8c7 28. Qa8 Be2 29. Rd8 Rb5 30. Nd5 Ra7 31. Rxf8+ Qxf8 32. Qxa7 Rxb2 33. Qxa4 Rb7 34. Nf6+ Qxf6 35. Qa8+ Kg7 36. Qxb7+ Kh6 37. Qxh7+ Kg5 38. Qh4# 1-0

[Event "Titled Tuesday intern op 02nd Mar"]
[Site "Chess.com INT"]
[Date "2021.03.02"]
[Round "3"]
[White "Yordanov, Nikolay Plamenov"]
[Black "Ramasindraibe, Girard"]
[Result "1/2-1/2"]
[WhiteElo "2242"]
[BlackElo "2146"]
[PlyCount "55"]
[EventDate "2021.03.02"]
[EventType "swiss (blitz)"]
[EventRounds "11"]
[EventCountry "USA"]
[SourceTitle "CBM 201 Extra"]
[Source "ChessBase"]
[SourceDate "2021.05.31"]
[SourceVersion "1"]
[SourceVersionDate "2021.05.31"]
[SourceQuality "1"]

1. d4 Nf6 2. Bg5 Ne4 3. Bf4 c5 4. e3 Qb6 5. b3 d5 6. Nf3 Qb4+ 7. Nbd2 Nc3 8. Qc1 Bg4 9. Bd3 Bxf3 10. gxf3 cxd4 11. 0-0 dxe3 12. fxe3 Nc6 13. a3 Qb6 14. Qb2 e5 15. Qxc3 exf4 16. Rae1 Bxa3 17. Bf5 0-0 18. Kh1 fxe3 19. Rg1 g6 20. Nb1 Bb4 21. Qf6 Bxe1 22. Bxg6 fxg6 23. Rxg6+ hxg6 24. Qxg6+ Kh8 25. Qh6+ Kg8 26. Qg6+ Kh8 27. Qh6+ Kg8 28. Qg6+ 1/2-1/2